000 00420cam a2200169ua 4500
020 _c8.00
041 _aeng
_h
082 _a338.9
_bASO/TH
100 _aAsoka, Mehta .
245 _aThe plan : Perspective and problems /
_cAsoka Mehta.
_hTextual Documents
260 _aMumbai :
_bBharatiya Vidya Bhavan ,
_c1966.
300 _a232 ; .
365 _a8.00
504 _a
942 _cBK
999 _c2138
_d2138